[Event "38th Olympiad"]
[Site "Dresden GER"]
[Date "2008.11.14"]
[Round "2"]
[White "Amin,B"]
[Black "Hamad,Ah"]
[Result "1-0"]
[WhiteElo "2560"]
[BlackElo "2287"]
[EventDate "2008.11.13"]

1. Nf3 g6 2. e4 Bg7 3. d4 c6 4. c3 d5 5. e5 f6 6. Bd3 Bg4 7. exf6 exf6 8.
h3 Qe7+ 9. Be3 Be6 10. O-O Nh6 11. Re1 O-O 12. Nbd2 Re8 13. Qb3 Qc7 14. Bf4
Qb6 15. Nc4 dxc4 16. Bxc4 Qxb3 17. Bxb3 Na6 18. Bxe6+ Nf7 19. Bc4 b5 20.
Bf1 Rxe1 21. Rxe1 Bf8 22. a4 Bd6 23. Bxd6 Nxd6 24. Re7 Nb8 25. Rc7 bxa4 26.
c4 Ne8 27. Rc8 Kf7 28. c5 a5 29. d5 1-0

[Event "38th Olympiad"]
[Site "Dresden GER"]
[Date "2008.11.14"]
[Round "2"]
[White "Raes,A"]
[Black "Ezat,M"]
[Result "0-1"]
[WhiteElo "2202"]
[BlackElo "2425"]
[EventDate "2008.11.13"]

1. e4 c6 2. d4 d5 3. Nc3 dxe4 4. Nxe4 Nf6 5. Nxf6+ exf6 6. c3 Bd6 7. Bd3
O-O 8. Ne2 Qc7 9. Qc2 h6 10. Be3 Be6 11. Ng3 c5 12. dxc5 Bxc5 13. Bxc5 Qxc5
14. O-O Nc6 15. Bf5 Bc4 16. Rfe1 Rfe8 17. Rad1 Ne5 18. b3 Bd5 19. Qd2 Be6
20. Bb1 Bg4 21. Rc1 Rad8 22. Qf4 Bc8 23. h3 Nc6 24. Rxe8+ Rxe8 25. Ne4 Qa3
26. Rf1 Re5 27. b4 a5 28. Qg3 Kf8 29. f4 Re7 30. b5 f5 31. c4 Qb4 32. bxc6
fxe4 33. Qe3 bxc6 34. Rd1 Re8 35. c5 h5 36. Bc2 Be6 37. Rd6 Qb2 38. Qxe4
Bb3 39. Qxe8+ Kxe8 40. Bxb3 Qc1+ 41. Rd1 Qxc5+ 42. Kh1 Qb4 43. Rc1 a4 44.
Bc4 Qd2 45. Rb1 Qxf4 46. Rb4 a3 47. Ra4 g5 48. Bb3 Qc1+ 49. Kh2 c5 50. Ra8+
Ke7 51. Ra7+ Kd6 52. Bxf7 Qf4+ 53. Kh1 g4 54. Be8 Qf1+ 55. Kh2 Qe1 56. Rd7+
Ke6 57. Rd3 c4 58. Rxa3 Qe5+ 0-1

[Event "38th Olympiad"]
[Site "Dresden GER"]
[Date "2008.11.14"]
[Round "2"]
[White "Njili,K"]
[Black "Can,E"]
[Result "0-1"]
[WhiteElo "2350"]
[BlackElo "2464"]
[EventDate "2008.11.13"]

1. e4 c5 2. Nf3 Nc6 3. d3 g6 4. g3 Bg7 5. Bg2 d6 6. O-O Nf6 7. h3 O-O 8.
Nh4 e5 9. Bg5 h6 10. Be3 Be6 11. c3 Rb8 12. a3 Nh7 13. b4 b6 14. Qd2 Ng5
15. Kh2 Rc8 16. c4 Nd4 17. Bxd4 cxd4 18. a4 Kh7 19. Qe1 f5 20. exf5 gxf5
21. f4 Nf7 22. g4 exf4 23. gxf5 Bd7 24. Be4 Qf6 25. Rxf4 Ng5 26. Nd2 d5 27.
cxd5 Qd6 28. f6+ Kg8 29. Qg3 Rc2 30. Rf2 Qxg3+ 31. Kxg3 Rxf6 32. Rxf6 Bxf6
33. Ndf3 Be7 34. Nxg5 hxg5 35. Nf5 Bxb4 36. Nxd4 Bd6+ 37. Kf3 Rh2 38. Bf5
Be8 39. Ne6 Bh5+ 40. Ke3 Re2+ 41. Kd4 Be5+ 42. Kc4 Bxa1 43. d4 Be8 44. Nxg5
Bxa4 45. d6 Kf8 46. Kd5 Rf2 47. Bg4 Ke8 0-1

[Event "38th Olympiad"]
[Site "Dresden GER"]
[Date "2008.11.14"]
[Round "2"]
[White "Erdogdu,M"]
[Black "Bouaziz,M"]
[Result "1-0"]
[WhiteElo "2449"]
[BlackElo "2203"]
[EventDate "2008.11.13"]

1. e4 c5 2. Nf3 Nc6 3. d4 cxd4 4. Nxd4 g6 5. c4 Nf6 6. Nc3 Nxd4 7. Qxd4 d6
8. Be2 Bg7 9. Be3 O-O 10. Qd2 Qa5 11. Rc1 Be6 12. f3 Rfc8 13. b3 a6 14. Na4
Qxd2+ 15. Kxd2 Nd7 16. g4 f5 17. exf5 gxf5 18. h3 Rf8 19. f4 d5 20. cxd5
Bxd5 21. Rhd1 e5 22. Ke1 Be6 23. g5 exf4 24. Bxf4 Be5 25. Bxe5 Nxe5 26. Nc5
Rae8 27. Nxe6 Rxe6 28. Kf2 h6 29. gxh6 Rxh6 30. Bf1 Rh7 31. Rd6 Re7 32. Bg2
Kg7 33. Rg1 Kh7 34. Rgd1 Rc8 35. R1d2 Kg7 36. Bd5 Nf7 37. Re6 Rce8 38. Rxe7
Rxe7 39. Rc2 Nd6 40. Kf3 Kf6 41. h4 Nb5 42. Kf4 Rd7 43. Bg2 Nd4 44. Rc8
Ne6+ 45. Ke3 Ke5 46. Re8 Rh7 47. h5 Rxh5 48. Bxb7 Rh3+ 49. Kf2 Kd6 50. Bxa6
Rh2+ 51. Ke3 Rxa2 52. Bc4 Nc7 53. Rd8+ Ke7 54. Rh8 Kd6 55. Rh6+ Ke7 56. Kf4
Ra5 57. b4 Nd5+ 58. Bxd5 Rxd5 59. Rb6 Kd7 60. Rf6 1-0

[Event "38th Olympiad"]
[Site "Dresden GER"]
[Date "2008.11.14"]
[Round "2"]
[White "Mohsen,A"]
[Black "Liiva,R"]
[Result "1/2-1/2"]
[WhiteElo "2221"]
[BlackElo "2460"]
[EventDate "2008.11.13"]

1. d4 d5 2. Nf3 Nf6 3. e3 c5 4. c3 Qb6 5. Bd3 Nc6 6. Nbd2 Bg4 7. Qc2 e6 8.
O-O Bd6 9. e4 Bxf3 10. dxc5 Bxh2+ 11. Kxh2 Qc7+ 12. Kg1 Bxe4 13. Bxe4 Nxe4
14. Nxe4 dxe4 15. Qxe4 O-O 16. Bg5 e5 17. Rad1 f6 18. Bc1 Rad8 19. b4 Rxd1
20. Rxd1 Rd8 21. Rd5 Ne7 22. Rxd8+ Qxd8 23. Qxb7 Qd1+ 24. Kh2 Qh5+ 25. Kg1
Qd1+ 26. Kh2 Qh5+ 27. Kg1 Qd1+ 28. Kh2 Qh5+ 29. Kg1 Qd1+ 30. Kh2 Qh5+
1/2-1/2

[Event "38th Olympiad"]
[Site "Dresden GER"]
[Date "2008.11.14"]
[Round "2"]
[White "Volodin,Alek"]
[Black "Ahmed,Abdu"]
[Result "1-0"]
[WhiteElo "2393"]
[BlackElo "2246"]
[EventDate "2008.11.13"]

1. d4 Nf6 2. c4 g6 3. Nf3 Bg7 4. g3 d6 5. Bg2 O-O 6. O-O Nbd7 7. Qc2 e5 8.
dxe5 dxe5 9. e4 Qe7 10. b3 Nc5 11. Ba3 Rd8 12. Nc3 c6 13. h3 b6 14. Na4
Nfd7 15. Rad1 Bb7 16. Qc1 Bf8 17. Qa1 f6 18. Nc3 Qe8 19. h4 Ne6 20. Bc1 Bc5
21. Ne2 a5 22. Bh3 Ndf8 23. Bb2 a4 24. Qc1 axb3 25. axb3 Qe7 26. g4 Bd6 27.
g5 Bc7 28. Bg2 Nc5 29. Qe3 Nfe6 30. b4 Na4 31. Ba1 c5 32. bxc5 bxc5 33. Rd5
Nd4 34. Nfxd4 exd4 35. Rxd8+ Qxd8 36. Qb3 Bc6 37. Rd1 Nb6 38. Qh3 Qe7 39.
gxf6 Qxf6 40. f4 Bd7 41. Qg3 Rf8 42. e5 Qf7 43. Rc1 Be6 44. h5 Nxc4 45. Be4
Kg7 46. hxg6 hxg6 47. Nxd4 cxd4 48. Bxd4 Bb6 49. Rxc4 Bxc4 50. Bxb6 Be6 51.
Bd4 Rg8 52. f5 Qd7 53. Bc3 Qd1+ 54. Kf2 Qh5 55. fxe6 Rf8+ 56. Bf3 Qf5 57.
e7 Qc2+ 58. Kg1 Re8 59. Bg2 Qd1+ 60. Bf1 Rxe7 61. e6+ Kh7 62. Qh4+ 1-0

[Event "38th Olympiad"]
[Site "Dresden GER"]
[Date "2008.11.14"]
[Round "2"]
[White "Georgiev,Ves"]
[Black "Sammalvuo,T"]
[Result "1/2-1/2"]
[WhiteElo "2372"]
[BlackElo "2464"]
[EventDate "2008.11.13"]

1. e4 e5 2. Bc4 Nf6 3. d3 Nc6 4. Nc3 Bb4 5. Nge2 d5 6. exd5 Nxd5 7. O-O Be6
8. Bxd5 Bxd5 9. f4 O-O 10. fxe5 Nxe5 11. Bf4 Ng6 12. Nxd5 Qxd5 13. c3 Bc5+
14. d4 Bb6 15. Qd3 Rfe8 16. Bg3 Re4 17. Nf4 Nxf4 18. Rxf4 Rxf4 19. Bxf4 Re8
20. a4 a6 21. Qf3 Qb3 22. Rf1 c6 23. Bc1 f6 24. Qg4 Qd5 25. Bh6 Qf7 26. Bd2
Qe6 27. Qxe6+ Rxe6 28. Kf2 Kf7 29. Kf3 h5 30. h3 Rd6 31. Re1 Rd5 32. Be3
Ra5 33. b3 Rd5 34. g4 hxg4+ 35. hxg4 Rd7 36. Rh1 Ba5 37. c4 Bb6 38. Ke4 Kg6
39. Rh5 a5 40. Bf2 Re7+ 41. Kf3 Rd7 42. Ke4 Re7+ 43. Kf3 Rf7 44. Ke4 Re7+
1/2-1/2

[Event "38th Olympiad"]
[Site "Dresden GER"]
[Date "2008.11.14"]
[Round "2"]
[White "Chavez,Ri"]
[Black "Johansen,D"]
[Result "0-1"]
[WhiteElo "2226"]
[BlackElo "2446"]
[EventDate "2008.11.13"]

1. e4 c5 2. d3 Nc6 3. g3 g6 4. Bg2 Bg7 5. f4 d6 6. Nf3 Nf6 7. O-O O-O 8.
Nc3 Rb8 9. h3 b5 10. g4 b4 11. Ne2 a5 12. Ng3 Ba6 13. g5 Nd7 14. h4 c4 15.
Re1 b3 16. dxc4 bxc2 17. Qxc2 Nb4 18. Qe2 Nb6 19. Bf1 Bxc4 20. Qd1 Bxf1 21.
Nxf1 Qc8 22. Ne3 Nc4 23. Nxc4 Qxc4 24. Re2 Rfc8 25. Ne1 Nxa2 26. b3 Qd4+
27. Be3 Qxa1 0-1

[Event "38th Olympiad"]
[Site "Dresden GER"]
[Date "2008.11.14"]
[Round "2"]
[White "Xie,G"]
[Black "Martinez,Ne"]
[Result "0-1"]
[WhiteElo "2403"]
[BlackElo "2149"]
[EventDate "2008.11.13"]

1. e4 c5 2. Nf3 d6 3. Bb5+ Nd7 4. d4 Ngf6 5. Nc3 cxd4 6. Qxd4 e5 7. Qd3 h6
8. Be3 Be7 9. Nd2 O-O 10. Nc4 Qc7 11. Bxd7 Bxd7 12. O-O-O Rfd8 13. Nxd6 Bc6
14. Bc5 Ne8 15. Nd5 Bxd5 16. Nxe8 Qxc5 17. exd5 Rxe8 18. f3 Rad8 19. Kb1 b5
20. g4 Rd6 21. Rhe1 Bg5 22. Re4 Bf4 23. a4 a6 24. axb5 axb5 25. c4 Red8 26.
Qc3 bxc4 27. Rxc4 Qe3 28. Rc8 Qxc3 29. Rxd8+ Rxd8 30. bxc3 Kf8 31. Kc2 Ke7
32. c4 Be3 33. Rb1 Rd7 34. Rb8 Kd6 35. Kd3 Bd4 36. Rc8 Ra7 37. Ke4 Rc7 38.
Rd8+ Ke7 39. Rg8 Rxc4 40. Rxg7 Bg1+ 41. Kf5 Bxh2 42. Rh7 Rf4+ 43. Kxe5
Rxg4+ 44. f4 Rxf4 45. d6+ Kd7 46. Rh8 Rf1+ 47. Ke4 Rf6 48. Kd4 0-1

[Event "38th Olympiad"]
[Site "Dresden GER"]
[Date "2008.11.14"]
[Round "2"]
[White "Ragger,M"]
[Black "Samhouri,B"]
[Result "1-0"]
[WhiteElo "2518"]
[BlackElo "2205"]
[EventDate "2008.11.13"]

1. e4 c5 2. Nf3 e6 3. d4 cxd4 4. Nxd4 Nf6 5. Nc3 Nc6 6. Ndb5 Bb4 7. a3
Bxc3+ 8. Nxc3 d5 9. exd5 exd5 10. Bd3 O-O 11. O-O d4 12. Ne2 Bg4 13. Bg5
Qd6 14. Qd2 Rad8 15. Rfe1 Bh5 16. Ng3 Bg6 17. Nf5 Bxf5 18. Bxf5 Ne7 19. Bd3
Ng6 20. Qb4 Qd5 21. Bxf6 gxf6 22. Be4 Qg5 23. Qxb7 f5 24. Bc6 Qd2 25. Ba4
Rb8 26. Qf3 Rxb2 27. Bb3 Qc3 28. Qxf5 d3 29. Qf3 Rxb3 30. cxb3 Rd8 31. Rad1
Qc2 32. Qf6 Qc8 33. h4 h5 34. Re3 Qa8 1-0

[Event "38th Olympiad"]
[Site "Dresden GER"]
[Date "2008.11.14"]
[Round "2"]
[White "Rimawi,B"]
[Black "Kindermann,S"]
[Result "0-1"]
[WhiteElo "2221"]
[BlackElo "2517"]
[EventDate "2008.11.13"]

1. e3 Nf6 2. f4 g6 3. Nf3 Bg7 4. Be2 O-O 5. O-O c5 6. d3 Nc6 7. Qe1 d5 8.
a4 Re8 9. Qh4 e6 10. Nbd2 b6 11. Rb1 Bb7 12. b3 e5 13. fxe5 Nxe5 14. Bb2
Ned7 15. e4 dxe4 16. Ng5 h6 17. Nh3 exd3 18. Bxd3 Ne5 19. Nc4 Nxd3 20. Bxf6
Bxf6 21. Rxf6 Re2 22. Ne3 Rxe3 23. cxd3 Rxd3 24. Rbf1 Rd2 25. Nf4 Qd4+ 0-1

[Event "38th Olympiad"]
[Site "Dresden GER"]
[Date "2008.11.14"]
[Round "2"]
[White "Neubauer,M"]
[Black "Mohannad,F"]
[Result "1/2-1/2"]
[WhiteElo "2422"]
[BlackElo "2269"]
[EventDate "2008.11.13"]

1. d4 f5 2. g3 Nf6 3. Bg2 g6 4. Nf3 Bg7 5. O-O O-O 6. c4 d6 7. Nc3 c6 8. d5
e5 9. dxe6 Bxe6 10. b3 Na6 11. Ng5 Qe7 12. Bb2 Bc8 13. Qc2 Nc5 14. Rad1 a5
15. Rfe1 h6 16. Nf3 g5 17. e3 Nfe4 18. Nd2 Nxc3 19. Bxc3 Bxc3 20. Qxc3 Qf6
21. Qxf6 Rxf6 22. Nb1 Bd7 23. Rd4 Kf7 24. Nc3 Rf8 25. f4 Re8 26. Kf2 gxf4
27. exf4 Rxe1 28. Kxe1 Ke7 29. Bf3 Be8 30. Kf2 Bf7 31. Bd1 Ne6 32. Rd2 Nc5
33. Bc2 Bh5 34. Ne2 Ne6 35. Nc3 Nc5 36. Nd1 Be8 37. Ne3 Bd7 38. Kf3 h5 39.
h4 Be6 40. Re2 Kf7 41. Rd2 Ke7 42. Rd1 Rf8 43. a3 Na6 44. Rd2 Nc7 45. Kf2
1/2-1/2

[Event "38th Olympiad"]
[Site "Dresden GER"]
[Date "2008.11.14"]
[Round "2"]
[White "Roselli Mailhe,B"]
[Black "Rahman,Zia"]
[Result "0-1"]
[WhiteElo "2368"]
[BlackElo "2510"]
[EventDate "2008.11.13"]

1. d4 d6 2. c4 e5 3. Nf3 e4 4. Ng5 f5 5. Nc3 Be7 6. Nh3 c6 7. g3 Nf6 8. Bg2
Nbd7 9. f3 Nb6 10. b3 d5 11. c5 Nbd7 12. Bd2 Nf8 13. f4 Ne6 14. e3 b6 15.
b4 a5 16. a3 axb4 17. axb4 Ba6 18. Bf1 Bxf1 19. Kxf1 O-O 20. Kg2 Qc7 21.
Qe2 h6 22. Ra6 bxc5 23. bxc5 Rab8 24. Rha1 Rb7 25. Nf2 Rfb8 26. Ncd1 Kh7
27. Ba5 Qc8 28. Qc2 Rb2 29. Nxb2 Qxa6 30. Ra4 Rb5 31. Bc3 Qb7 32. Nbd1 Bd8
33. Qa2 Qd7 34. Ra7 Qe8 35. Qa6 Rb8 36. Rb7 Nc7 37. Qa7 Ra8 38. Rxc7 Rxa7
39. Rxa7 Qh5 40. Ra2 Qf3+ 41. Kg1 Ng4 42. Bd2 h5 43. Ra8 Bf6 44. Ra1 h4 0-1

[Event "38th Olympiad"]
[Site "Dresden GER"]
[Date "2008.11.14"]
[Round "2"]
[White "Hossain,Enam"]
[Black "Larrea,M"]
[Result "1-0"]
[WhiteElo "2494"]
[BlackElo "2267"]
[EventDate "2008.11.13"]

1. e4 c5 2. Nf3 Nc6 3. d4 cxd4 4. Nxd4 Nf6 5. Nc3 d6 6. Bg5 e6 7. Qd2 a6 8.
O-O-O Bd7 9. f4 b5 10. Bxf6 gxf6 11. Kb1 b4 12. Nce2 Qb6 13. g3 h5 14. Bg2
Rc8 15. Rhe1 a5 16. Nxc6 Bxc6 17. Nd4 Bb7 18. e5 Bxg2 19. exd6 Qxd6 20.
Qxg2 Qc5 21. Nb3 Qc7 22. Qe2 Be7 23. Qb5+ Kf8 24. Re2 Rd8 25. Ree1 Rxd1+
26. Rxd1 Bd8 27. Nc5 Be7 28. Nb3 Bd8 29. f5 Qb6 30. Qd7 Be7 31. Nd4 e5 32.
Nc6 Qc5 33. b3 h4 34. gxh4 Rxh4 35. Qc8+ Kg7 36. Nxe7 Qxc8 37. Nxc8 Rxh2
38. Nd6 Rf2 39. Rd5 1-0

[Event "38th Olympiad"]
[Site "Dresden GER"]
[Date "2008.11.14"]
[Round "2"]
[White "Abu Sufian,S"]
[Black "Lopez Falcon,J"]
[Result "1-0"]
[WhiteElo "2418"]
[BlackElo "2206"]
[EventDate "2008.11.13"]

1. e4 c5 2. Nf3 d6 3. d4 cxd4 4. Nxd4 Nf6 5. Nc3 g6 6. Be3 Bg7 7. f3 Nc6 8.
Qd2 O-O 9. Bc4 Bd7 10. O-O-O Rc8 11. Bb3 Ne5 12. Kb1 Nc4 13. Bxc4 Rxc4 14.
g4 b5 15. b3 Rc8 16. Ndxb5 a6 17. Nd4 Qc7 18. Nde2 Rfd8 19. g5 Nxe4 20.
Nxe4 d5 21. N4g3 d4 22. Bf2 a5 23. Nf4 Bc6 24. Ne4 a4 25. Nd3 f5 26. gxf6
exf6 27. Bg3 Qd7 28. Rhe1 axb3 29. cxb3 Qa7 30. Rc1 Bd5 31. Rxc8 Rxc8 32.
Rc1 Ra8 33. Rc7 Qb6 34. Qc2 h5 35. Qc5 Qe6 36. Qe7 Qxe7 37. Rxe7 f5 38. Nd2
Bh6 39. f4 Bg7 40. Ne5 Ra6 41. Rd7 Ra8 1-0

[Event "38th Olympiad"]
[Site "Dresden GER"]
[Date "2008.11.14"]
[Round "2"]
[White "Kelly,B"]
[Black "Bakalarz,M"]
[Result "1-0"]
[WhiteElo "2488"]
[BlackElo "2330"]
[EventDate "2008.11.13"]

1. c4 Nf6 2. Nf3 g6 3. Nc3 d5 4. cxd5 Nxd5 5. Qa4+ Bd7 6. Qh4 Nxc3 7. dxc3
Nc6 8. Bf4 f6 9. Bh6 e5 10. Bxf8 Kxf8 11. O-O-O Kg7 12. g4 h6 13. Qg3 Qe7
14. Nh4 g5 15. Ng2 Be6 16. Ne3 Qc5 17. Bg2 Nd4 18. Rd2 Bxa2 19. Kd1 Ne6 20.
Rd7+ Kg8 21. Nd5 Nf4 22. Nxf4 gxf4 23. Qd3 e4 24. Bxe4 Kf8 25. Bd5 Bxd5 26.
Rxd5 Qc6 27. Kc1 Rg8 28. Rd1 Rg7 29. Rd8+ Rxd8 30. Qxd8+ Kf7 31. Rd7+ Kg6
32. Qe8+ Kh7 33. Rxg7+ Kxg7 34. Qxc6 bxc6 35. Kd2 f5 36. f3 Kf6 37. h4 Ke5
38. Kd3 a5 39. b3 Kd5 40. gxf5 c5 41. c4+ Ke5 42. f6 1-0

[Event "38th Olympiad"]
[Site "Dresden GER"]
[Date "2008.11.14"]
[Round "2"]
[White "Quinn,M"]
[Black "Jeitz,C"]
[Result "1-0"]
[WhiteElo "2401"]
[BlackElo "2251"]
[EventDate "2008.11.13"]

1. c4 Nf6 2. Nc3 d5 3. cxd5 Nxd5 4. g3 g6 5. Bg2 Nb6 6. d3 Bg7 7. h4 h6 8.
Be3 N8d7 9. a4 Nf6 10. Qc1 Nbd5 11. Bd2 a5 12. Nf3 c6 13. Ne5 Be6 14. O-O
Ra6 15. Ra3 h5 16. Rd1 O-O 17. e4 Nxc3 18. Bxc3 b5 19. axb5 cxb5 20. Rxa5
Rxa5 21. Nc6 Qd7 22. Nxa5 Rc8 23. Qd2 Ng4 24. Bxg7 Kxg7 25. d4 Qa7 26. b4
Bc4 27. e5 Qb6 28. Qf4 Be2 29. Re1 Bd3 30. Nb3 Rc2 31. f3 Nh6 32. Nc5 Bc4
33. g4 hxg4 34. fxg4 Qa7 35. h5 Qa2 36. Bf3 Qb2 37. hxg6 fxg6 38. Nd7 Kh7
39. Nf8+ Kg7 40. Nxg6 Kxg6 41. Be4+ Kg7 42. Qg5+ Kf7 43. Qg6+ Kf8 44. Qxh6+
Ke8 45. Bxc2 Qxd4+ 46. Re3 Bd5 47. Qg6+ Kd8 48. Qd3 Qa1+ 49. Qd1 Ke8 1-0

[Event "38th Olympiad"]
[Site "Dresden GER"]
[Date "2008.11.14"]
[Round "2"]
[White "Gengler,P"]
[Black "Heidenfeld,M"]
[Result "0-1"]
[WhiteElo "2200"]
[BlackElo "2364"]
[EventDate "2008.11.13"]

1. e4 e6 2. d4 d5 3. Nc3 Nf6 4. Bg5 dxe4 5. Nxe4 Nbd7 6. Nf3 Be7 7. Bxf6
Nxf6 8. Nxf6+ Bxf6 9. Bd3 c5 10. Bb5+ Bd7 11. Bxd7+ Qxd7 12. c3 cxd4 13.
Nxd4 Bxd4 14. Qxd4 Qxd4 15. cxd4 O-O-O 16. O-O-O Rd5 17. Rd2 Kd7 18. Rhd1
Rc8+ 19. Rc2 Rc6 20. Rxc6 Kxc6 21. Kc2 Rh5 22. h3 Ra5 23. a3 Kd5 24. Kc3
Ra4 25. Rd2 Rc4+ 26. Kb3 b5 27. Re2 f6 28. f3 a5 29. Ka2 g5 30. Kb1 h5 31.
b3 Rc3 32. Kb2 Rd3 33. Kc2 Rxd4 34. Kc3 b4+ 35. axb4 axb4+ 36. Kc2 h4 37.
Re1 Kd6 38. Ra1 Ke5 39. Re1+ Kf5 40. Re3 e5 41. Rd3 Kf4 42. Rxd4+ exd4 43.
Kd3 Kg3 44. Kc4 d3 45. Kd4 0-1

[Event "38th Olympiad"]
[Site "Dresden GER"]
[Date "2008.11.14"]
[Round "2"]
[White "Eid,Fa"]
[Black "Lima,Da"]
[Result "0-1"]
[WhiteElo "2390"]
[BlackElo "2488"]
[EventDate "2008.11.13"]

1. e4 Nf6 2. Nc3 d5 3. exd5 Nxd5 4. Bc4 Nb6 5. Bb3 Nc6 6. Nf3 g6 7. a4 a5
8. d4 Bg7 9. Bf4 O-O 10. Nb5 Nd5 11. Bxd5 Qxd5 12. O-O Bg4 13. Nxc7 Qf5 14.
Nxa8 Qxf4 15. Nb6 Nxd4 16. Nd5 Qd6 17. c3 Bxf3 18. gxf3 Qxd5 19. cxd4 Bxd4
20. f4 Rd8 21. Qg4 Bxb2 22. Rab1 Bd4 23. Qg2 Qf5 24. Rxb7 Qxf4 25. Qg3 Qe4
26. Qg2 Qe2 27. Rb5 Bc3 28. Rc5 Bb4 29. Rd5 Rc8 30. Rfd1 Rc2 31. Rd8+ Kg7
32. Rf1 Bc5 33. h3 Qe5 34. Rd3 Qf4 35. Qf3 Qxa4 36. Rc3 Bd4 37. Rxc2 Qxc2
38. Re1 e5 39. Re2 Qb1+ 40. Kg2 a4 41. Qd5 Qb6 42. Rd2 a3 43. f4 Qb4 44.
Re2 exf4 45. Kf3 Bb2 46. Rc2 Qe1 47. Kg2 Qg3+ 0-1

[Event "38th Olympiad"]
[Site "Dresden GER"]
[Date "2008.11.14"]
[Round "2"]
[White "Sunye Neto,J"]
[Black "Khairallah,F"]
[Result "1/2-1/2"]
[WhiteElo "2488"]
[BlackElo "2337"]
[EventDate "2008.11.13"]

1. c4 e5 2. g3 Nf6 3. Bg2 d5 4. cxd5 Nxd5 5. Nc3 Nb6 6. Nf3 Nc6 7. O-O Be7
8. d3 Be6 9. Be3 Nd5 10. Bd2 O-O 11. Ne4 f6 12. Rc1 Qd7 13. a3 Nd4 14. Nxd4
exd4 15. Qc2 c6 16. Nc5 Bxc5 17. Qxc5 Nc7 18. b4 Bg4 19. Rfe1 Rfe8 20. a4
Re5 21. Qc2 Ne8 22. Bf4 Rh5 23. Qb2 Rd8 24. Rc2 Kh8 25. Rb1 a6 26. Rc5 g5
27. Bc1 Nc7 28. e4 Qg7 29. f3 Bc8 30. Qf2 Ne6 31. Rc4 Bd7 32. Bb2 b5 33.
Rxd4 Nxd4 34. Qxd4 Rh6 35. axb5 axb5 36. Ra1 Qf8 37. Qc3 Qd6 38. d4 Be6 39.
Ra6 Bc4 40. d5 Rc8 41. Qd2 Rg6 42. Bh3 Rc7 43. Ra8+ Kg7 44. Bf5 cxd5 45. e5
fxe5 46. Bxg6 Qxg6 47. Bxe5+ Kf7 48. Ra1 Re7 49. Re1 Qf5 50. Qe3 d4 51.
Qxd4 Qxf3 52. Qe4 Qxe4 53. Rxe4 Kg6 54. Re3 Rd7 55. Bc3 Rd1+ 56. Be1 g4 57.
Kf2 Ra1 58. Re5 Ra2+ 59. Kg1 Rc2 60. Bf2 Kf6 61. Re4 h5 62. Bd4+ Kf5 63.
Re5+ Kg6 64. Be3 Rb2 65. Rg5+ Kf7 66. Bc5 Rb1+ 67. Kf2 Rb2+ 68. Kg1 Rb1+
69. Kf2 Rb2+ 70. Kg1 1/2-1/2

[Event "38th Olympiad"]
[Site "Dresden GER"]
[Date "2008.11.14"]
[Round "2"]
[White "Kassis,A LIB"]
[Black "El Debs,F"]
[Result "0-1"]
[WhiteElo "2238"]
[BlackElo "2447"]
[EventDate "2008.11.13"]

1. e4 c5 2. Nc3 e6 3. g3 Nc6 4. Bg2 g6 5. f4 d6 6. Nge2 Bg7 7. O-O Nge7 8.
d3 O-O 9. Be3 Rb8 10. d4 cxd4 11. Nxd4 Qb6 12. Na4 Bxd4 13. Nxb6 Bxe3+ 14.
Kh1 axb6 15. Qxd6 Rd8 16. Qa3 Bc5 17. Qf3 e5 18. c3 Be6 19. b3 b5 20. b4
Bb6 21. Rad1 exf4 22. Qxf4 Bxa2 23. h4 Bc4 24. Rfe1 Rbc8 25. Bh3 Rxd1 26.
Rxd1 Bc7 27. Qg5 Ra8 28. Bf1 Bxf1 29. Rxf1 Be5 30. Qg4 h5 31. Qe2 Rf8 32.
Rf3 Na7 33. Qa2 Nac8 34. Qa5 Nd6 35. Qc7 Nc6 36. Kg2 Kg7 37. Rd3 Rc8 38.
Qb6 Ra8 39. Rd2 Ra3 40. Rd3 Rxc3 41. Rxc3 Bxc3 42. Qe3 Bxb4 43. Qf4 f6 44.
g4 hxg4 45. Qxg4 Ne5 46. Qe2 Bc5 47. Qa2 b4 48. Qd5 b6 49. Kf1 Nec4 50. Ke2
b3 51. Kd3 b2 52. Kc2 0-1

[Event "38th Olympiad"]
[Site "Dresden GER"]
[Date "2008.11.14"]
[Round "2"]
[White "Cuartas,Ja"]
[Black "Saeheng,B"]
[Result "1-0"]
[WhiteElo "2489"]
[BlackElo "2314"]
[EventDate "2008.11.13"]

1. e4 c6 2. d4 d5 3. Nc3 dxe4 4. Nxe4 Bf5 5. Ng3 Bg6 6. h4 h6 7. Bc4 e6 8.
N1e2 Nf6 9. Nf4 Bh7 10. c3 Nd5 11. Qg4 Nd7 12. Nxd5 exd5 13. O-O Nf6 14.
Re1+ Be4 15. Nxe4 dxe4 16. Qf5 Be7 17. Rxe4 O-O 18. Re2 b5 19. Bb3 a5 20.
a3 Bd6 21. g3 Rc8 22. Bd2 c5 23. Be3 Re8 24. Rae1 c4 25. Bc2 b4 26. axb4
axb4 27. Bd2 Rxe2 28. Rxe2 b3 29. Be4 Nxe4 30. Qxe4 Qa5 31. Bxh6 Qa8 32.
Qg4 Bf8 33. Bf4 Qa1+ 34. Kg2 Ra8 35. Qf3 Rd8 36. Qc6 Qa8 37. d5 Rc8 38.
Qxa8 Rxa8 39. d6 f6 40. d7 Kf7 41. Bc7 1-0

[Event "38th Olympiad"]
[Site "Dresden GER"]
[Date "2008.11.14"]
[Round "2"]
[White "Barrientos,S"]
[Black "Teerapabpaisit,W"]
[Result "1-0"]
[WhiteElo "2450"]
[BlackElo "2306"]
[EventDate "2008.11.13"]

1. e4 c5 2. Nf3 e6 3. d4 cxd4 4. Nxd4 a6 5. Bd3 Nf6 6. Qe2 d6 7. O-O Qc7 8.
f4 h5 9. Nf3 Nc6 10. Nc3 Be7 11. a4 Ng4 12. h3 Qb6+ 13. Kh1 Bd7 14. Bd2 Bf6
15. a5 Qa7 16. e5 dxe5 17. Ne4 exf4 18. Bxf4 Nh6 19. Nd6+ Kf8 20. Ne5 Nxe5
21. Bxe5 Ng4 22. Bg3 Bc6 23. Rae1 Rd8 24. Nxf7 Rxd3 25. cxd3 Kxf7 26. Qxe6+
Kg6 27. Bh4 Qd4 28. Qf5+ Kf7 29. Qe6+ Kg6 30. Bxf6 gxf6 31. Qf5+ Kf7 32.
Re2 Qd6 33. hxg4 hxg4+ 34. Kg1 Qh2+ 35. Kf2 Bf3 36. Qe6+ Kg6 37. Ke1 Qh4+
38. Ref2 Rh5 39. Qg8+ Kh6 40. gxf3 gxf3 41. Qh8+ Kg6 42. Rg1+ Kf5 43. Qc8+
Kf4 44. Qc1+ Ke5 45. Qe3+ Kd6 46. Qxf3 Qh2 47. Rgf1 Rh8 48. Re2 1-0

[Event "38th Olympiad"]
[Site "Dresden GER"]
[Date "2008.11.14"]
[Round "2"]
[White "Pitirotjirathon,J"]
[Black "Uribe,M"]
[Result "1/2-1/2"]
[WhiteElo "2293"]
[BlackElo "2414"]
[EventDate "2008.11.13"]

1. d4 d5 2. c4 c6 3. Nf3 Nf6 4. e3 Bg4 5. Qb3 Qb6 6. Nc3 Qxb3 7. axb3 Bxf3
8. gxf3 e6 9. Bd3 Nbd7 10. e4 dxe4 11. fxe4 e5 12. dxe5 Nxe5 13. Be2 Bb4
14. f3 O-O 15. Be3 Rfd8 16. Rd1 Rxd1+ 17. Kxd1 Nfd7 18. Na4 Nb6 19. Nc5
Nbd7 20. Na4 Nb6 21. Kc2 Nxa4 22. bxa4 Rd8 23. f4 Ng6 24. h4 b6 25. e5 Bc5
26. Bd2 a5 27. Bd3 Rd4 28. Rf1 Nxh4 29. Bc3 Rd8 30. Be4 g6 31. Rh1 Be7 32.
c5 bxc5 33. Bxa5 Ra8 34. Be1 Rxa4 35. Kd3 Rd4+ 36. Ke3 Nf5+ 37. Bxf5 gxf5
38. Bc3 Re4+ 39. Kf3 f6 40. Rh5 fxe5 41. Bxe5 Re1 42. Rxf5 Rh1 43. Kg2 Rh6
44. Bc3 Rd6 45. Rh5 Rd5 46. f5 Rd6 47. Kf3 Bf6 48. Bxf6 Rxf6 49. Ke4 Rd6
50. Ke5 Rd2 51. Rh6 Re2+ 52. Kf4 Rf2+ 53. Ke5 Re2+ 54. Kf4 1/2-1/2

[Event "38th Olympiad"]
[Site "Dresden GER"]
[Date "2008.11.14"]
[Round "2"]
[White "Galego,L"]
[Black "Jones,Ri"]
[Result "1-0"]
[WhiteElo "2484"]
[BlackElo "2075"]
[EventDate "2008.11.13"]

1. e4 c5 2. Nf3 d6 3. c3 Nf6 4. Be2 Bd7 5. d3 g6 6. O-O Bg7 7. Re1 O-O 8.
Bf1 Nc6 9. h3 e5 10. Na3 h6 11. Nc2 Re8 12. b4 cxb4 13. cxb4 d5 14. b5 Na5
15. d4 exd4 16. e5 Ne4 17. Ncxd4 Rc8 18. Bb2 Nc4 19. Bxc4 Rxc4 20. a4 a6
21. Re3 Qc8 22. Rb1 Nc3 23. Bxc3 Rxc3 24. Rxc3 Qxc3 25. Rc1 Qa5 26. Qb3 Bc8
27. bxa6 Qxa6 28. Rc7 Qa5 29. Qc2 Be6 30. Rxb7 Bc8 31. Rc7 Ba6 32. e6 f5
33. Qc6 1-0

[Event "38th Olympiad"]
[Site "Dresden GER"]
[Date "2008.11.14"]
[Round "2"]
[White "Dias,P"]
[Black "Blackburn,J"]
[Result "1-0"]
[WhiteElo "2406"]
[BlackElo "2175"]
[EventDate "2008.11.13"]

1. c4 e6 2. Nf3 b6 3. g3 Bb7 4. Bg2 Nf6 5. Nc3 Bb4 6. Qc2 O-O 7. O-O d6 8.
d3 Nbd7 9. e4 a5 10. b3 Bxc3 11. Qxc3 e5 12. Nh4 c6 13. f4 b5 14. Nf5 b4
15. Qc2 Nc5 16. Bb2 Re8 17. d4 exd4 18. Bxd4 Ne6 19. Bb2 d5 20. e5 Ng4 21.
h3 g6 22. hxg4 gxf5 23. gxf5 Qb6+ 24. Kh2 Nc5 25. Bd4 a4 26. cxd5 axb3 27.
axb3 1-0

[Event "38th Olympiad"]
[Site "Dresden GER"]
[Date "2008.11.14"]
[Round "2"]
[White "Spice,A"]
[Black "Pereira,Rub"]
[Result "0-1"]
[WhiteElo "2173"]
[BlackElo "2437"]
[EventDate "2008.11.13"]

1. Nc3 c5 2. Nf3 Nc6 3. d4 cxd4 4. Nxd4 Nf6 5. e4 d6 6. Bg5 e6 7. Qd2 a6 8.
O-O-O Bd7 9. Nb3 b5 10. Bd3 Be7 11. Rhe1 b4 12. Ne2 a5 13. Nbd4 Qb6 14.
Bxf6 Bxf6 15. Bb5 O-O 16. Bxc6 Bxc6 17. Nxc6 Qxc6 18. Qxd6 Qxe4 19. Ng3 Qc4
20. Ne4 Qxa2 21. Nxf6+ gxf6 22. Rd4 Qa1+ 23. Kd2 Qxb2 24. Qg3+ Kh8 25. Ree4
Rac8 26. Qh4 Rxc2+ 27. Ke3 Qc1+ 28. Kf3 Qg5 29. Qxg5 fxg5 30. Re5 Rb8 31.
Rxa5 b3 32. Ra1 b2 0-1